La extraña figura antropológica del hombre de hoy
Сохранить в:
| Главный автор: | |
|---|---|
| Формат: | |
| Язык: | испанский |
| Опубликовано: |
Santiago
Universitaria
1991
|
| Серии: | Colección el saber y la cultura
|
| Предметы: | |
| Метки: |
Добавить метку
Нет меток, Требуется 1-ая метка записи!
|
MARC
| LEADER | 00000cam a2200000 a 4500 | ||
|---|---|---|---|
| 001 | UCW5831 | ||
| 003 | CL-VaPUC | ||
| 008 | 910813e19910000CL |||||||||||||||||spa|d | ||
| 020 | |a 9561107529 | ||
| 082 | 0 | 4 | |a 306 |b ROA |2 21 |
| 100 | 0 | |a Roa Rebolledo, Armando |e author |9 310873 | |
| 245 | 1 | 3 | |a La extraña figura antropológica del hombre de hoy |
| 300 | |a 105 p | ||
| 942 | |c BK | ||
| 945 | |d 19910813 00:00:00 |a rbrito | ||
| 260 | |a Santiago |b Universitaria |c 1991 | ||
| 650 | 7 | |a DESARROLLO CIENTIFICO Y TECNOLOGICO |2 CL-VaPUC |9 259101 | |
| 650 | 0 | |a Aspectos sociales |9 254894 | |
| 650 | 0 | |a Antropología social |y Siglo 20 |9 310874 | |
| 583 | |a last modification |c 20160901 11:18:58 |k Rodrigo Vera | ||
| 490 | 0 | |a Colección el saber y la cultura | |
| 999 | |c 219151 |d 219149 | ||
| 952 | |0 0 |1 0 |4 0 |6 306_000000000000000_ROA_1991 |7 0 |8 A |9 209717 |a BIBEDU |b BIBEDU |d 2019-11-15 |i 2776022 |o 306 ROA 1991 |p 2776022 |r 2019-11-15 |w 2019-11-15 |y BK |k EDU | ||
| 952 | |0 0 |1 0 |4 0 |6 306_000000000000000_ROA_1991 |7 0 |8 A |9 209718 |a BIBEDU |b BIBEDU |d 2019-11-15 |i 2776030 |o 306 ROA 1991 |p 2776030 |r 2019-11-15 |w 2019-11-15 |y BK |k EDU | ||
| 952 | |0 0 |1 0 |4 0 |6 306_000000000000000_ROA_1991 |7 0 |8 A |9 209719 |a BIBEDU |b BIBEDU |d 2019-11-15 |i 2776049 |o 306 ROA 1991 |p 2776049 |r 2019-11-15 |w 2019-11-15 |y BK |k EDU | ||
| 952 | |0 0 |1 0 |4 0 |6 306_000000000000000_ROA_1991 |7 0 |8 A |9 209720 |a BIBCUR |b BIBCUR |d 2019-11-15 |i 3077152 |o 306 ROA 1991 |p 3077152 |r 2025-04-22 |w 2019-11-15 |y BK |k PER | ||
| 952 | |0 0 |1 0 |4 0 |6 306_000000000000000_ROA_1991 |7 0 |8 A |9 209721 |a BIBGIM |b BIBGIM |d 2019-11-15 |i 3542610 |o 306 ROA 1991 |p 3542610 |r 2025-01-15 |w 2019-11-15 |y BK |k GIM | ||
| 952 | |0 0 |1 0 |3 erb |4 0 |6 306_000000000000000_ROA_1991 |7 0 |8 A |9 209722 |a BIBEDU |b BIBEDU |i 5158400 |o 306 ROA 1991 |p 5158400 |r 2019-11-15 |w 2019-11-15 |y BK |z Catalogado en:20150409 |k FIL | ||